| 000 | 00785nam a2200277u 4500 | ||
|---|---|---|---|
| 001 | 6913218 | ||
| 003 | OSt | ||
| 005 | 20140310182839.0 | ||
| 008 | 830421s1941 nyu 000 0 eng | ||
| 010 | _a 41008084 | ||
| 020 | _a067168955X | ||
| 040 |
_aDLC _cCarP _dDLC |
||
| 050 | 0 | 0 |
_aPZ 1 _b.Sp741 1969 |
| 082 |
_aM 823 _bAp4 1969 |
||
| 100 | 1 |
_aSpeare, Morris Edmund, _d1884- [from old catalog] _eed. |
|
| 245 | 1 | 4 |
_aA pocket book of short stories _cSpeare, Edmund |
| 260 |
_aNew York, _bPocket books, _cc1969. |
||
| 300 |
_axii, 336 p. _c17 cm. |
||
| 521 | _aCollege students | ||
| 526 | _c1210L to 1700L | ||
| 541 | _j1 | ||
| 562 | _e1 | ||
| 650 | 0 | _aShort stories. [from old catalog] | |
| 906 |
_a0 _bcbc _cpremunv _du _encip _f19 _gy-gencatlg |
||
| 942 |
_2lcc _cBK _kM |
||
| 999 |
_c16815 _d16815 |
||